000 00562 a2200205 4500
005 20240528114910.0
010 _aB-759209
020 _a9789354714696
_c350.00
035 _aB-759209
037 _bGift
082 _aS
100 _aOdgers, Sally
_966987
245 _aPearl The Helpful Unicorn/
_cSally Odgers and Adele K Thomas
260 _aNew York
_bScholastic Press
_c2023
270 _aNew York
_bNew York
300 _a128 p.
_c19 cm(Pb)
700 _966848
_aThomas K Adele
942 _adpl
_cCH
_2ddc
_hS
_mODG
999 _c203306
_d203306